Leader xxxxxxxxxx
001 __ PCLIS00052935
005 __ 20220613082306.0
010 0_ |a978-986-450-237-0|b平裝|dNT$400
042 __ |anbim
100 __ |a20190417d2019 m y0chiy09 e
101 0_ |achi
102 __ |atw
105 __ |ac z 000cd
200 1_ |a九歌...散文選|h一○七年|f胡晴舫主編
205 __ |a初版
210 __ |a臺北市|c九歌|d2019[民108]
215 0_ |a399面|c像|d21公分
225 1_ |a九歌文庫|v1305
300 __ |a版權頁英文題名: Collected essays 2018
300 __ |a作者號取自題名
300 __ |a附錄: 一○七年年度散文紀事 / 杜秀卿
500 11 |a九歌散文選|m中文
516 11 |a散文|e九歌一○七年散文選|zchi
517 1_ |aCollected essays 2018|zeng
517 1_ |a九歌一○七年散文選|zchi
517 1_ |a九歌107年散文選|zchi
700 _1 |a胡|b晴舫|4主編
606 __ |2cst|a散文
681 __ |a855|b8677
681 __ |a855|b8458
801 _0 |atw|bLibDipper|c20190417|gCCR
801 _0 |atw|b內湖高中|c20190430|gCCR
801 _2 |atw|b內湖高中|c20220613|gCCR
|